000 01758cab a2200265 4500
001 ABS45868
008 090401t1992 xxu||||| |||| 00| 0 eng d
035 _a(Sirsi) u55599
041 _aeng
245 _aBurn v North Yorkshire CC
260 _c1992
350 _a0
490 _aProperty and Compensation Reports
_v(1992) 63 PCR 81-87(7)
520 _aLT 5 September 1991. Two district councils published plans which, although not identical, showed the line of a proposed relief road passing through B`s garden. His property comprised a shop with outbuildings and a garden. B made attempts to sell his property. One offer was withdrawn because of the road. B therefore served a blight notice on the county council (N) requiring it to buy the property. N served a counternotice in July 1990 on the grounds that they only required part of the property. N pointed out that if the material date for establishing N`s objection was the date of the counternotice they would be faced with buying part or all of B`s land. None was now required as the road had been abandoned after re-appraisal by consultants, the results of which were awaited when the notice was served. The recommendation of the consultant was accepted in December 1990 and this should be the material date. It was held that LT`s jurisdiction was limited to deciding whether or not the obje
650 _aBLIGHT NOTICES
650 _aCompulsory purchase
_96228
650 _aCOUNTER NOTICE
650 _aLT DECISIONS
650 _aMATERIAL DATE
650 _aRELIEF ROAD
650 _aTOWN AND COUNTRY PLANNING ACT 1971 S194(1)
690 _aENVIRONMENTAL AND LAND CONSULTANCY-PLANNING AND DEVELOPMENT-COMPULSORY PURCHASE AND COMPENSATION
942 _n0
948 _c04/03/1997
999 _c33978
_d33978